| 000 -LEADER | |
|---|---|
| fixed length control field | 00402nam a22001697a 4500 |
| 005 - DATE AND TIME OF LATEST TRANSACTION | |
| control field | 20160628144019.0 |
| 008 - FIXED-LENGTH DATA ELEMENTS--GENERAL INFORMATION | |
| fixed length control field | 160628b xxu||||| |||| 00| 0 eng d |
| 020 ## - INTERNATIONAL STANDARD BOOK NUMBER | |
| ISBN | 81-88458-69-4 |
| 041 ## - LANGUAGE CODE | |
| Language code of text/sound track or separate title | eng |
| 082 ## - DEWEY DECIMAL CLASSIFICATION NUMBER | |
| Item number | 11356 |
| 100 ## - MAIN ENTRY--AUTHOR NAME | |
| Personal name | Singh, Pravin |
| 245 ## - TITLE STATEMENT | |
| Title | Civil Engineering materials |
| 260 ## - PUBLICATION, DISTRIBUTION, ETC. (IMPRINT) | |
| Name of publisher | Katson Books |
| Year of publication | 2012 |
| 300 ## - PHYSICAL DESCRIPTION | |
| Number of Pages | 274 |
| 650 ## - SUBJECT ADDED ENTRY--TOPICAL TERM | |
| Topical Term | Diploma Engineering |
| 942 ## - ADDED ENTRY ELEMENTS (KOHA) | |
| Koha item type | Books |
| Lost status | Damaged status | Home library | Current library | Shelving location | Date acquired | Cost, normal purchase price | Full call number | Accession Number | Koha item type |
|---|---|---|---|---|---|---|---|---|---|
| JRU Library | SHELF-45-F | 28/06/2016 | 195.00 | 11356 | 11356 | Books | |||
| JRU Library | SHELF-45-G | 28/06/2016 | 195.00 | 11356 | 11357 | Books | |||
| JRU Library | SHELF-45-F | 28/06/2016 | 195.00 | 11356 | 11358 | Books | |||
| JRU Library | SHELF-45-F | 28/06/2016 | 195.00 | 11356 | 11359 | Books | |||
| JRU Library | SHELF-45-F | 28/06/2016 | 195.00 | 11356 | 11360 | Books | |||
| JRU Library | SHELF-45-G | 28/06/2016 | 195.00 | 11356 | 11361 | Books | |||
| JRU Library | SHELF-45-G | 28/06/2016 | 195.00 | 11356 | 11362 | Books | |||
| JRU Library | SHELF-45-G | 28/06/2016 | 195.00 | 11356 | 11363 | Books | |||
| JRU Library | SHELF-45-G | 28/06/2016 | 195.00 | 11356 | 11364 | Books | |||
| JRU Library | SHELF-45-G | 28/06/2016 | 195.00 | 11356 | 11365 | Books | |||
| JRU Library | SHELF-45-G | 28/06/2016 | 195.00 | 11356 | 11366 | Books | |||
| JRU Library | SHELF-45-G | 28/06/2016 | 195.00 | 11356 | 11367 | Books | |||
| JRU Library | SHELF-45-G | 28/06/2016 | 195.00 | 11356 | 11368 | Books | |||
| JRU Library | SHELF-45-F | 28/06/2016 | 195.00 | 11356 | 11369 | Books | |||
| JRU Library | SHELF-45-F | 28/06/2016 | 195.00 | 11356 | 11370 | Books | |||
| JRU Library | SHELF-45-G | 28/06/2016 | 195.00 | 11356 | 11371 | Books | |||
| JRU Library | SHELF-45-F | 28/06/2016 | 195.00 | 11356 | 11372 | Books | |||
| JRU Library | SHELF-45-F | 28/06/2016 | 195.00 | 11356 | 11373 | Books | |||
| JRU Library | SHELF-45-F | 28/06/2016 | 195.00 | 11356 | 11374 | Books | |||
| JRU Library | SHELF-45-F | 28/06/2016 | 195.00 | 11356 | 11375 | Books |